000 00756nam a2200229Ia 4500
003 OSt
005 20220926021434.0
006 a|||||r|||| 00| 0
007 ta
008 220923b |||||||| |||| 00| 0 eng d
037 _cGeneral Book
040 _aRTL
_cRTL
_beng
041 _2eng
_aeng
082 _aV1N45,93:3.N60r, K.13/UN
110 _aUNITED NATIONS, ECONOMIC AND SOCIAL COUNCIL
245 0 _aGoverning council of the special fund
_b Report on the 1st and 2nd sessions (16-27 Jan and 16-28 May).
260 _aNew York
_bUN
_c1960
300 _a12p. Suppl;13
_ccm.
700 _aUNITED NATIONS, ECONOMIC AND SOCIAL COUNCIL
942 _hV1N45,93:3.N60r, K.13/UN
_cGB
_2CC
999 _c636753
_d636753